000 00740nam a2200265 i 4500
001 000010303
003 DO-SdBNP
005 20250812070522.0
007 ta
008 091006s1980 dr 000 0 spa d
040 _aDO-SdBNP
_bspa
_cBNPHU
_erda
041 _asp
082 _axxx
_bE91c
_222
100 1 _aEusebio, Enrrique
_d1948-
_eautor
_925321
245 1 0 _aConsignas & sub-versiones /
_cEnrique Eusebio.
264 _aSanto Domingo :
_bCosmo,
_c1980.
300 _a149 páginas : ;
_c20 cm.
336 _ardacontent
_btexto
_2txt
337 _ardamedia
_bsin mediación
_2n
338 _ardacarrier
_bvolumen
_2nc
500 _aInlcuye datos biográficos
590 _aInventariado, 2025/DG
910 _aDG
942 _2ddc
_cLBS1
999 _c10062
_d10062